Estadísticas para 13 Maravillas de México

Haz click aquí para intentar la prueba.

Estadísticas generales

  • Esta prueba ha sido intentada 16 veces
  • La puntuación promedio es 5 de 26

Respuestas en el mapa

Las respuestas están codificadas por una escala verde-roja en el mapa de la prueba según el % correcto abajo.
 

Estadísticas de respuestas

HintRespuesta% Correcto
Yucatán
Chichen Itzá
77%
Estado de México
Teotihuacán
46%
ChihuahuaBarrancas del Cobre
38%
Veracruz
El Tajín
38%
Oaxaca
Monte Albán
38%
Quintana Roo
Tulum
38%
ChiapasCañón del Sumidero
31%
Chiapas
Palenque
31%
SonoraEl Pinacate
23%
CoahuilaCuatro Ciénegas
15%
Morelos
Xochicalco
15%
TamaulipasEl Cielo
15%
Chihuahua y Sinaloa Ferrocarril "El Chepe"
15%
QuerétaroPeña de Bernal
15%
HidalgoPrismas Basálticos
15%
San Luis PotosíSotano de las
Golondrinas
15%
VeracruzArrecifal Veracruzano
8%
GuanajuatoCalles Subterráneas
de Guanajuato
8%
Ciudad de MéxicoCentro Histórico de la
Ciudad de México
8%
Campeche
Calakmul
8%
JaliscoPaisajes Agaveros
8%
TabascoPantanos de Centla
8%
Nuevo LeónPaseo Santa Lucía
8%
MazatlánPuerto de Mazatlán
8%
Michoacán y Estado de México Santuario de la
Mariposa Monarca
8%
Quintana RooXel-Há
8%

Distribución de puntuación

Porcentaje por número respondido

Porcentaje de gente con cada puntuación

Historial de tus puntuaciones

No has intentado esta prueba.